Contabilidade pública na gestão municipal : (Record no. 783)
[ view plain ]
| 000 -LÍDER | |
|---|---|
| Campo Fixo de Controle | 00940nam a2200265 a 4500 |
| 001 - NÚMERO DE CONTROLE | |
| Campo de Controle | 783 |
| 003 - IDENTIFICAÇÃO DO NÚMERO DE CONTROLE | |
| Campo de Controle | BR-CuiBMT |
| 005 - DATA E HORA DA ÚLTIMA ATUALIZAÇÃO | |
| Campo de Controle | 20231117155928.0 |
| 008 - DADOS FIXOS | |
| Dados Fixos | 231113s2007 spba 001 0 por d |
| 020 ## - INTERNATIONAL STANDARD BOOK NUMBER | |
| Nº do ISBN | 9788522447978 |
| 040 ## - AGÊNCIA CATALOGADORA | |
| Código da Agência Catalogadora | BR-CuiBMT |
| Agência que transcreveu o registro | BR-CuiBMT |
| 080 ## - Nº DA CLASSIFICAÇÃO DECIMAL UNIVERSAL | |
| Nº Class. CDU | 352:336.14 |
| Nº edição CDU | 2007 |
| 090 ## - NÚMERO DE CHAMADA | |
| Nº classificação | 352:336.14 |
| Cutter | A553c |
| Ano/Edição | 3. ed. |
| 100 1# - ENTRADA PRINCIPAL -- AUTOR PESSOAL | |
| Nome pessoal | Andrade, Nilton de Aquino |
| 245 10 - TÍTULO PRINCIPAL | |
| Título principal | Contabilidade pública na gestão municipal : |
| Subtítulo | métodos com base na LC n° 101/00 e nas classificações contábeis advindas da SOF e STN / |
| Indicação de responsabilidade | Nilton de Aquino Andrade. |
| 250 ## - EDIÇÃO | |
| Edição | 3. ed. |
| 260 ## - PUBLICAÇÃO, DISTRIBUIÇÃO, ETC. | |
| Local de publicação | São Paulo : |
| Editora | Atlas, |
| Data | c2007. |
| 300 ## - DESCRIÇÃO FÍSICA | |
| N. páginas ou volumes | xvii, 327 p. : |
| Ilustrações | il. ; |
| Dimensões | 24 cm |
| 504 ## - NOTA DE BIBLIOGRAFIA, ETC. | |
| Nota de bibliografia | Inclui bibliografia e índice. |
| 590 ## - NOTA LOCAL | |
| Nota local | A Biblioteca possui a 2. reimpr. de 2008. |
| 650 ## - ASSUNTO TÓPICO | |
| Cabeçalho tópico ou nome geográfico | Finanças públicas |
| Subdivisão geral | Planejamento |
| Subdivisão geográfica | Brasil |
| 650 ## - ASSUNTO TÓPICO | |
| Cabeçalho tópico ou nome geográfico | Finanças públicas |
| Subdivisão geral | Contabilidade |
| 650 ## - ASSUNTO TÓPICO | |
| Cabeçalho tópico ou nome geográfico | Administração municipal |
| Subdivisão geográfica | Brasil |
| 942 ## - ELEMENTOS DE ENTRADA ADICIONAIS (KOHA) | |
| Fonte de classificação ou esquema de arquivamento | Classificação Decimal Universal |
| Tipo de item do Koha | Livros |
| Estado: removido | Estado: perdido | Fonte de classificação ou esquema de arquivamento | Estado: danificado | Indisponível para empréstimo | Localização permanente | Localização atual | Data de aquisição | Total Checkouts | Número de Chamada completo | Código de barras | Date last seen | Número do exemplar | Preço efetivo a partir de | Tipo de item (Koha) | Nota pública |
|---|---|---|---|---|---|---|---|---|---|---|---|---|---|---|---|
| Classificação Decimal Universal | Biblioteca da Escola Superior de Contas do TCE/MT | Biblioteca da Escola Superior de Contas do TCE/MT | 23/09/2008 | 352:336.14 A553c 3. ed. | BIBTCEMT23110697 | 17/11/2023 | Ex. 1 | 17/11/2023 | Livros | 2. reimpr. 2008 |